000 00283pam a2200133 a 4500
020 _c
041 _h
082 _a302
_bGOR
100 _aGore, M.S.
245 _aSocial Development
_hTextual Documents
260 _aJaipur
_bRawat Publication
300 _a397/CB
930 _a1981
999 _c108814
_d108814